书目信息 |
| 书名: | introductory physics laboratory manual | |
| 作者: | by Andrzej Herczynski. | |
| 分册号: | ||
| 分册名: | 出版地: | New York : |
|
| 出版社: | Wiley Custom Services | |
| 出版时间: | 2005. | |
| 页数: | 147 p. ; | |
| 开本: | 26cm. | |
| 丛书名: | ||
| 中图分类号: | ||
| 科图分类号: | ||
| 其他分类号: | O4-3 | |
| 主题词: | ||
| 电子资源: | ||
| 000 | 00448nam 2200157 a 4500 | |
| 001 | E0735074837 | |
| 005 | 20070711094646.45 | |
| 008 | 070711s2005 00010 eng | |
| 020 | @a0-471-69915-2. | |
| 040 | @aPFT@beng | |
| 090 | @aO4-3 | |
| 099 | @dO4-3@ex59=2 | |
| 245 | 1 | @aintroductory physics laboratory manual / @cby Andrzej Herczynski. |
| 260 | @aNew York :@bWiley Custom Services,@c2005. | |
| 300 | @a147 p. ;@c26cm. | |
| 700 | @aby Herczynski,Andrzej | |
| introductory physics laboratory manual / / by Andrzej Herczynski.-New York : : Wiley Custom Services, , 2005. |
| 147 p. ; ; 26cm. |
| ISBN 0-471-69915-2. |
| ● |
| 相关链接 |
|
|
|
|
正题名:introductory physics laboratory manual
索取号:O4-3/x59=2
 
预约/预借
| 序号 | 登录号 | 条形码 | 馆藏地/架位号 | 状态 | 备注 |
| 1 | 12718 | 300127182 | 第二样本阅览室/ [索取号:O4-3/x59=2] | 在馆 | |
| 2 | 12719 | 300127191 | 第四借阅区/ [索取号:O4-3/x59=2] | 在馆 |